000
00241nam a2200085Ia 4500
245
0
_a
Seisoen van ons liefde
100
_a
Mitchell, Elize Kaapstad, [c.2009] 1. uitg
_9
56067
942
_c
BK
008
210819s9999 xx 000 0 und d
999
_c
300061
_d
300060